000 01410nam a2200349 a 4500
001 ebr10744866
003 CaPaEBR
006 m o u
007 cr cn|||||||||
008 130328s2013 miua sb 001 0 eng d
010 _z 2013006631
020 _z9780472118885 (cloth : acid-free paper)
020 _z9780472029310 (e-book)
040 _aCaPaEBR
_cCaPaEBR
035 _a(OCoLC)856017199
043 _an-us---
050 1 4 _aPS169.F35
_bH66 2013eb
082 0 4 _a810.9/355
_223
100 1 _aHomans, Margaret,
_d1952-
245 1 4 _aThe imprint of another life
_h[electronic resource] :
_badoption narratives and human possibility /
_cMargaret Homans.
260 _aAnn Arbor :
_bUniversity of Michigan Press,
_c2013.
300 _axi, 300 p. :
_bill. (chiefly col.)
504 _aIncludes bibliographical references and index.
533 _aElectronic reproduction.
_bPalo Alto, Calif. :
_cebrary,
_d2013.
_nAvailable via World Wide Web.
_nAccess may be limited to ebrary affiliated libraries.
650 0 _aAmerican literature
_xHistory and criticism.
650 0 _aFamilies in literature.
650 0 _aAdoption in literature.
650 0 _aNarration (Rhetoric)
_xSocial aspects.
655 7 _aElectronic books.
_2local
710 2 _aebrary, Inc.
856 4 0 _uhttp://site.ebrary.com/lib/rucke/Doc?id=10744866
_zAn electronic book accessible through the World Wide Web; click to view
999 _c14063
_d14063